000 00447nab a2200145Ia 4500
003 ES-SlBCS
005 20210601131134.0
008 140529s1928 xxu||||| |||| 00| 0 fre d
041 _afre
100 1 _aBelval, H.
_9181689
245 0 0 _aLa chimie de la matière vivante. Amidon et Dextrines
_c H. Belval
650 0 4 _aAlmidón
_9181744
773 0 _tRevue des Questions Scientifiques
_gvol. 93, nº. 3, 1928, págs. 377-395
_wRev1461
942 _cAR
999 _c558295
_d558295